Madurez para la lectura /

Guardado en:
Autor Principal: Downing, John
Formato: Libro
Publicado: Buenos Aires : Kapelusz, 1974
Materias:
Etiquetas: Agregar Etiqueta
Sin Etiquetas, Sea el primero en etiquetar este registro!
LEADER 00485nam a22001815a 4500
001 CEM.cems002133
005 20060215000000.0
008 130507s1974##################000#0#####d
003 CEMS
082 0 4 |a 372.6 
100 1 |a Downing, John 
245 1 0 |a Madurez para la lectura / 
260 |a Buenos Aires :  |b Kapelusz,  |c 1974 
300 |a 127 p. 
653 |a Educacion primaria 
653 |a Lectura 
653 |a Lectura-enseñanza 
859 |a CEMS  |b BIB. CEMS - 11 de abril  |h 372.6  |i D752  |p 6773.79  |t Ej.1